Aeroportos com voos internacionais do Brasil - Statistics

Estatísticas Gerais
  • Esse quiz foi jogado 48 vezes
  • A pontuação média é 16 de 18
Estatísticas das Respostas
Estado Cidade % Correto
MG Belo Horizonte
98%
DF Brasília
98%
PR Curitiba
98%
CE Fortaleza
98%
AM Manaus
98%
SP São Paulo (Guarulhos)
98%
PA Belém
96%
SC Florianópolis
96%
RN Natal
96%
RJ Rio de Janeiro (Galeão)
96%
RS Porto Alegre
93%
BA Salvador
93%
AL Maceió
91%
SP Campinas
89%
PE Recife
89%
PB João Pessoa
85%
PR Foz do Iguaçu
70%
BA Porto Seguro
67%
Nenhum quiz correspondente encontrado
Distribuição das Pontuações
Porcentagem de Pessoas com Cada Pontuação
Percentil de Números Respondidos
Sua Pontuação Histórica
Você não jogou esse quiz